Sports Quiz

Random Sports or NFL Quiz
Score 0/30 Timer 06:00
0 Plays Today
Stat Player % Correct
Rushing TDs3 Way Tie
92.7%
Passing YardsGeno Smith
90.9%
Passing TDsGeno Smith
90.9%
Passing YardsEJ Manuel
89.1%
Passing TDsEJ Manuel
89.1%
Receiving TDs4 Way Tie
57.3%
Passing YardsMike Glennon
54.5%
Passing TDsMike Glennon
54.5%
Rushing YardsGiovani Bernard
54.5%
Rushing TDsGiovani Bernard
54.5%
CatchesDeAndre Hopkins
48.2%
Receiving YardsDeAndre Hopkins
48.2%
Rushing TDsLe'Veon Bell
46.4%
CatchesTavon Austin
46.4%
Rushing YardsJohnathan Franklin
43.6%
Stat Player % Correct
CatchesKenbrell Thompkins
43.6%
Receiving YardsKenbrell Thompkins
43.6%
Receiving TDsKenbrell Thompkins
43.6%
Receiving YardsRobert Woods
34.5%
TacklesKiko Alonso
34.5%
InterceptionsKiko Alonso
34.5%
Rushing YardsMontee Ball
33.6%
Interceptions5 Way Tie
33.6%
Receiving TDsMarlon Brown
30.9%
SacksBarkevious Mingo
25.5%
TacklesTyrann Mathieu
23.6%
SacksEzekiel Ansah
22.7%
InterceptionsEric Reid
21.8%
TacklesAlec Ogletree
18.2%
SacksMichael Buchanan
13.6%
Remove Ads.
Support Sporcle.
Get the best of Sporcle when you Go Orange. This ad-free experience offers more features, more stats, and more fun while also helping to support Sporcle. Thank you for becoming a member.

You're not logged in!

Compare scores with friends on all Sporcle quizzes.
OR
Log In

Show Comments

Extras

Top Quizzes Today


Score Distribution

Your Account Isn't Verified!

In order to create a playlist on Sporcle, you need to verify the email address you used during registration. Go to your Sporcle Settings to finish the process.

Report this User

Report this user for behavior that violates our Community Guidelines.

Details: